00410nam a2200169 a 4500001001300000003000900013005001700022008004100039020000800080082001500088100001600103245003600119260002300155300000900178500003500187650001800222nice12345678IN_TiNIC20260116015049.0071101s1967 dela grp 000 0 eng  ac600a275.4bMAT aMathew, C P aIndian Churches of Saint Thomas aDelhibISPCKc1967 a168p aincludes index and biblioraphy aChurch-Kerala